01387cam a22003255a 4500001001000000003000400010005001700014008004100031020001800072020001500090040003200105082002000137100003000157245010300187250002500290260005000315300002900365500010800394500004800502500002700550504005300577650003900630650005100669651001000720653002000730942000800750999001700758952013500775952015100910017610058OSt20201128023728.0151105t2016 enka frbd 001 0 eng d a9781292106175 a1292106174 aUkOxUbengcUkOxUdEG-ScBUE04222a370.72bMIL1 aMills, Geoffrey E.93987910aEducational research :bcompetencies for analysis and applications /cGeoffey E. Mills, L. R. Gay. a11th ed., Global ed. aHarlow :bPearson Education Limited,cc.2016. a697 p. :bill. ;c26 cm. aAuthorized adaptation from the United States 11th edition for use outside the United States and Canada. aPublication date from bookseller's website. aGlossary : p. 673-683. aIncludes bibliographical references and indexes. 7aEducationxResearch.2BUEsh912350 7aEducationxResearchxMethodology.2BUEsh91051 2BUEsh bNNURcApril2016 2ddc c21668d21640 00102ddc40708AlahramaMAINbMAINc1STd2016-04-20ePurchaseg390.00l0o370.72 MILp000032392r2025-07-15 00:00:00v487.50yBB 00102ddc40708AlahramaMAINbMAINc1STd2016-04-20ePurchaseg390.00l1m11o370.72 MILp000032395r2025-07-15 00:00:00s2018-09-26v487.50yBB